Chytré telefony mění svět - i banky a jejich klienty

Vývoj hardvéru malej obrazovky s vysokým rozlíšením - smartphone banking. Nové produktové riešenia. Dátová komunikácia 3G a ďalšie aplikácie. Pohľad bánk na mobilné bankovníctvo. Bezpečnosť nových bankových aplikácií.

Enregistré dans:
Détails bibliographiques
Auteur principal: Šmerda, Jaromír
Format: Chapitre de livre
Langue:tchèque
Sujets:
Tags: Ajouter un tag
Pas de tags, Soyez le premier à ajouter un tag!

MARC

LEADER 00000naa a2200000 4500
001 0127353
005 20231129094022.0
041 0 |a cze 
044 |a CZ 
245 1 0 |a Chytré telefony mění svět - i banky a jejich klienty  |c Jaromír Šmerda 
520 |a Vývoj hardvéru malej obrazovky s vysokým rozlíšením - smartphone banking. Nové produktové riešenia. Dátová komunikácia 3G a ďalšie aplikácie. Pohľad bánk na mobilné bankovníctvo. Bezpečnosť nových bankových aplikácií. 
610 2 0 |a banky 
610 2 0 |a bankovníctvo elektronické 
610 2 0 |a komunikácia elektronická 
610 2 0 |a internetbanking 
610 2 0 |a telebanking 
610 2 0 |a telefón mobilný 
610 2 0 |a technológie nové 
610 2 0 |a hardvér 
610 2 0 |a softvér 
610 2 0 |a bezpečnosť informačná 
100 1 |a Šmerda, Jaromír